Lat and his lot again

Bibliographic Details
Main Author: Lat
Format: Book
Published: K.Lumpur : Berita Publishing , 1994
Subjects:

MARC

LEADER 00000cam a2200000 7i4500
001 0000006242
002 000006739
005 20000330.0
020 |a 9679694046 
090 0 0 |a C   |b LAT 
100 0 |a Lat 
245 1 0 |a Lat and his lot again   |c Lat 
260 |a K.Lumpur :   |b Berita Publishing ,   |c 1994 
300 |a p.v ;   |c 21cm. 
650 0 0 |a Cartoon and carricatures 
999 |a 00068849   |b BUKU   |c CARTOON   |e PERPUSTAKAAN KOMUNITI PETALING JAYA 
999 |a 038989   |b BUKU   |c CARTOON   |e PERPUSTAKAAN KOMUNITI PETALING JAYA 
999 |a 038990   |b BUKU   |c CARTOON   |e PERPUSTAKAAN KOMUNITI PETALING JAYA 
999 |a 038991   |b BUKU   |c CARTOON   |e PERPUSTAKAAN KOMUNITI PETALING JAYA